Drug abuse : a comparative study between islamic law and modern law /
Saved in:
| Main Author: | |
|---|---|
| Format: | Thesis |
| Language: | English |
| Published: |
Petaling Jaya
: International Islamic University Malaysia,
1993
|
| Subjects: | |
| Tags: |
Add Tag
No Tags, Be the first to tag this record!
|
| LEADER | 010570000a22002650004500 | ||
|---|---|---|---|
| 001 | 71812 | ||
| 005 | 20090302095300.0 | ||
| 008 | 980514s1993 eng | ||
| 035 | |a 263683 | ||
| 035 | |a (Sirsi) 71812 | ||
| 040 | |a UIAM |b eng | ||
| 049 | |b m | ||
| 050 | |a BP158.4H591 | ||
| 100 | 0 | |a Jafril bin Khalil | |
| 245 | 1 | 0 | |a Drug abuse : |b a comparative study between islamic law and modern law / |c submitted by Jafril bin Khalil |
| 260 | 1 | |a Petaling Jaya |b : International Islamic University Malaysia, |c 1993 | |
| 300 | |a 161 p. | ||
| 502 | |a (M.C.L.)--International Islamic University Malaysia, 1993 | ||
| 596 | |a 1 | ||
| 650 | 0 | |a Drug abuse | |
| 650 | 0 | |a Narcotic laws (Islamic law) | |
| 900 | |a zms-bal-an-naw | ||
| 999 | |c 430355 |d 461846 | ||
| 952 | |0 0 |6 T BP158.4H591J23D 1993 |7 0 |8 THESES |9 749586 |a IIUM |b IIUM |c MULTIMEDIA |g 0.00 |o t BP158.4H591J23D 1993 |p 00000263688 |r 2017-10-17 |t 1 |v 0.00 |y THESIS | ||
| 952 | |0 0 |6 LU T BP158.4H591J23D 1993 |7 0 |8 THESES |9 749587 |a IIUM |b IIUM |c CLOSEACCES |g 0.00 |o lu t BP158.4H591J23D 1993 |p 00000264081 |r 2017-10-17 |t 1 |v 0.00 |y THESIS | ||
